| 000 | 00480nam a2200205Ia 4500 | ||
|---|---|---|---|
| 003 | 0100 | ||
| 008 | 130227s9999 xx 000 0 und d | ||
| 040 | _cARRUPELIB | ||
| 050 | _aBJ1012.F88 2004 | ||
| 100 | _aBinde, Jerome | ||
| 245 | 4 | _aThe future of values | |
| 245 | _b21st century talks | ||
| 260 | _aNew York | ||
| 260 | _bBerghahm Books | ||
| 260 | _C2004 | ||
| 300 | _axvi | ||
| 300 | _b 352p. 23cm. | ||
| 650 | _bChurch - History of doctrines | ||
| 942 |
_2lcc _02 |
||
| 999 |
_c5475 _d5475 |
||